000 00606nam a2200205 4500
001 118564
003 ES-MaACL
005 20230906191127.0
007 t|
008 070214s1957 sp r ||||1| spa d
100 1 _aParente, Pietro.
_989090
245 1 0 _aDe Dios al hombre /
_cPedro Parente ; versión española de A. A. de Linera.
260 _aMadrid :
_bAtenas,
_c1957.
300 _a505 p., 14 lám. ;
_c21 cm.
490 1 _aRazonemos nuestra fe
700 1 _aLinera, A. A. de.
_972429
830 0 _aRazonemos nuestra fe
_9182561
852 _aES-MaACL
_jC-2190
_bR.41813
999 _c118564
_d118564